| 000 | 01376nam0a2200313 4500 | ||
|---|---|---|---|
| 001 | RU\NLR\bibl\21537 | ||
| 005 | 20260407025208.0 | ||
| 010 |
_a5-8288-0215-1 _9500 |
||
| 021 |
_aRU _b99-914 _947 |
||
| 035 | _a(NLR Aleph) 000020987 | ||
| 090 |
_a96259 _c96259 |
||
| 100 | _a19990412d1998 |||y0rusy50 ca | ||
| 101 | 1 |
_arus _carm |
|
| 102 | _aRU | ||
| 105 | _a||||||||||||| | ||
| 200 | 1 |
_aКонституция Армении _eАрм. уложение законов для упр. страной Армянской, 1773 г. _eПроект _e(Пер. с древнеарм.) _f[Хачатурян А.Б., пер., ред. рус. изд., примеч. и коммент., предисл. и послесл.] |
|
| 210 |
_aМ. _cИзд-во МГОПУ _d1998 |
||
| 215 |
_a108 с. _cфакс. _d17 |
||
| 604 |
_171001$aАрмения _150011$aКонституция$n1773$xПроект$2nlr-sh1$2nlr-sh2 _aАрмения _tКонституция _xПроект |
||
| 686 | _aХ2(2Ар)4 | ||
| 701 | 1 |
_aХачатурян _bА. Б. _gАшот Богданович _4730 |
|
| 740 | 1 |
_aАрмения _tКонституция _f1773 _3RU\NLR\AUTH\8810010949 _9519573 |
|
| 801 | 0 |
_aRU _bNLR _c19990412 _gPSBO |
|
| 801 | 1 |
_aRU _bNLR _c19990412 |
|
| 852 |
_aNLR _j99-2/227 |
||
| 942 | _cBOOK | ||
| 980 | _aNB | ||